STN EN 60335-2-47: 2004 (36 1055), Elektrické spotrebiče pre domácnosť a na podobné účely. Bezpečnosť Časť 2-47 Osobitné požiadavky na komerčné elektrické varné kotly
Norma je slovenskou verziou EN 60335-2-47: 2003, je identická s IEC 60335-2-47: 2002
| Corporate Author: | |
|---|---|
| Other Authors: | |
| Format: | Book |
| Language: | Slovak English |
| PhysicalDescription: | 19 s. obr. |
| Published: |
Bratislava
Slovenský ústav technickej normalizácie
2004
|
| Subjects: |
MARC
| LEADER | 00000nam a2200000 a 4500 | ||
|---|---|---|---|
| 001 | vtls009919753 | ||
| 003 | SK-MaSNL | ||
| 005 | 20260302044236.0 | ||
| 008 | 160624s2004 xo a f u 000 0 slo | ||
| 015 | |a SNBN2013 | ||
| 035 | |a (SVKBBclas03)vtls000199649 | ||
| 040 | |a SNK |b slo |c SNK |e AACR2 | ||
| 041 | 1 | |a slo |h eng | |
| 044 | |a xo |c SK | ||
| 046 | |a s |m 20040301 (účin.) | ||
| 084 | |a 97.040.50 |2 ICS | ||
| 130 | 0 | |a STN 36 1055 (STN EN 60335-2-47) |9 699730 | |
| 245 | 1 | 0 | |a STN EN 60335-2-47: 2004 (36 1055), Elektrické spotrebiče pre domácnosť a na podobné účely. Bezpečnosť |n Časť 2-47 |p Osobitné požiadavky na komerčné elektrické varné kotly |
| 246 | 1 | 0 | |a Elektrické spotrebiče pre domácnosť a na podobné účely |
| 246 | 1 | 0 | |a Bezpečnosť |
| 246 | 1 | 0 | |a Osobitné požiadavky na komerčné elektrické varné kotly |
| 260 | |a Bratislava |b Slovenský ústav technickej normalizácie |c 2004 | ||
| 300 | |a 19 s. |b obr. | ||
| 500 | |a Spracovateľ: EVPÚ Nová Dubnica, Dagmar Čermáková | ||
| 500 | |a Táto norma nahrádza STN EN 60335-2-47 z decembra 2001 v celom rozsahu. Do 1.2.2006 sa môžu obidve normy súbežne používať | ||
| 520 | 8 | |a Norma je slovenskou verziou EN 60335-2-47: 2003, je identická s IEC 60335-2-47: 2002 | |
| 540 | |a STN vydané na akomkoľvek nosiči sa môžu rozmnožovať a rozširovať iba so súhlasom určenej právnickej osoby |b SÚTN Bratislava |c zákon 264/1999 Z. z. | ||
| 650 | 0 | 7 | |a technické normy a štandardy |z Slovensko |2 SNKPH |9 79594 |
| 650 | 0 | 7 | |a technické normy a štandardy |z krajiny Európskej únie |2 SNKPH |9 289341 |
| 655 | 7 | |a normy |2 SNKPH |9 70643 | |
| 700 | 1 | |a Čermáková, Dagmar |4 trl |9 312166 | |
| 710 | 2 | |a EVPÚ (Nová Dubnica, Slovensko) |9 292190 | |
| 710 | 2 | |a Slovenský ústav technickej normalizácie |4 stn |9 32706 | |
| 774 | 1 | 8 | |t STN EN 60335-2-47/A1: 2009 |d Bratislava : Slovenský ústav technickej normalizácie, 2009 |w vtls 009841328 |
| 774 | 1 | 8 | |t STN EN 60335-2-47/A11: 2012 |d Bratislava : Slovenský ústav technickej normalizácie, 2012 |w vtls010477897 |
| 774 | 1 | 8 | |t STN EN 60335-2-47/A2: 2021 |d Bratislava : Slovenský ústav technickej normalizácie, 2021 |w vtls012062332 |
| 958 | |a OP | ||
| 991 | |g DL 12000502 |h 29.3.2004 | ||
| 999 | |c 1089021 |d 1090951 | ||
| 952 | |t P66, <07>, [BOOK], {667} |a SNK |b SNK |y PREZ |7 0 |p 17A0415494 |o snkSTN EN 60335-2-47 D1 |i snkN 806/2004 |0 0 |1 0 |4 0 |d 2004-03-02 |l 0 |r 2005-01-02 00:00:00 |w 2026-02-24 | ||
| 952 | |t P60, <03>, [BOOK], {603} |a SNK |b SNK |y PREZ |7 0 |p 17A0415493 |o snkSTN EN 60335-2-47 |i snkN 805/2004 |0 0 |1 0 |4 0 |d 2004-03-02 |l 0 |r 2005-01-02 00:00:00 |w 2026-02-24 | ||


